|
|
|
|
| LEADER |
01587cam a2200337 i 4500 |
| 001 |
10030685 |
| 003 |
GR-PaULI |
| 005 |
20210312084449.0 |
| 008 |
991025s1987 nyua g eng d |
| 952 |
|
|
|0 0
|1 0
|2 ddc
|4 0
|6 572_574000000000000_INO
|7 0
|9 12219
|a LISA
|b LISA
|c BSC
|d 2016-04-24
|l 0
|o 572.574 INO
|p 026000323851
|r 2016-04-24 00:00:00
|t 2
|v 2016.00
|w 2016-04-24
|y BK15
|
| 952 |
|
|
|0 0
|1 0
|4 0
|6 572_570000000000000_MIC
|7 0
|9 199970
|a LISP
|b LISP
|c BSC
|d 2016-04-24
|i 051535
|l 0
|o 572.57 MIC
|p 025000068439
|r 2016-04-24 00:00:00
|t 1
|w 2016-04-24
|y BK15
|
| 999 |
|
|
|c 122581
|d 122581
|
| 020 |
|
|
|a 0879693045
|
| 040 |
|
|
|a GR-PaULI
|b gre
|c GR-PaULI
|d GR-AiPI
|e AACR2
|
| 082 |
0 |
4 |
|a 572.57
|2 23
|
| 082 |
0 |
4 |
|a 572.574
|2 23
|
| 245 |
0 |
0 |
|a Inositol lipids in cellular signaling /
|c edited by Robert H. Michell, James W. Putney.
|
| 260 |
|
|
|a New York :
|b Cold Spring Harbor Laboratory,
|c 1987.
|
| 300 |
|
|
|a xi, 165 σ. :
|b εικ. ;
|c 22 εκ.
|
| 490 |
1 |
|
|a Current communications in molecular biology
|
| 504 |
|
|
|a Περιλαμβάνει βιβλιογραφικές παραπομπές.
|
| 650 |
|
4 |
|a Βιοχημεία
|x Λίπη
|9 135176
|
| 650 |
|
4 |
|a Κύτταρα
|9 1663
|
| 650 |
|
4 |
|a Μοριακή βιολογία
|9 835
|
| 700 |
1 |
|
|a Michell, Robert H.
|9 13048
|e επιμελητής.
|
| 700 |
1 |
|
|a Putney, James W.
|9 154094
|e επιμελητής.
|
| 830 |
|
0 |
|9 183888
|a Current communications in molecular biology
|
| 852 |
|
|
|a GR-PaULI
|b ΠΑΤΡΑ
|b ΒΚΠ
|b ΒΣ1
|k ΑΣΧΞ
|h 572.57 MIC
|m 051535
|p 025000068439
|t 1
|
| 942 |
|
|
|2 ddc
|c BK15
|
| 998 |
|
|
|c ΣΚΟΝΔΡΑ
|d 2010-03
|
| 998 |
|
|
|c ΛΟΥΚΟΠΟΥΛΟΥ
|d 2021-03
|